ბათუმის შოთა რუსთაველის სახელმწიფო უნივერსიტეტის ბიბლიოთეკა

Homotopy theory: (ბიბ.ჩანაწერი № 57593)

000 -LEADER
fixed length control field 01060cam a2200313 4500
001 - CONTROL NUMBER
control field 3150239
005 - DATE AND TIME OF LATEST TRANSACTION
control field 20200810141509.0
008 - FIXED-LENGTH DATA ELEMENTS--GENERAL INFORMATION
fixed length control field 740827s1975 nyua b 000 0 eng
010 ## - LIBRARY OF CONGRESS CONTROL NUMBER
LC control number 74005686
020 ## - INTERNATIONAL STANDARD BOOK NUMBER
International Standard Book Number 0122960505
040 ## - CATALOGING SOURCE
Original cataloging agency DLC
Transcribing agency DLC
Modifying agency DLC
041 ## - LANGUAGE CODE
Language code of text/sound track or separate title eng
050 00 - LIBRARY OF CONGRESS CALL NUMBER
Classification number QA3
Item number .P8 vol. 64
Classification number QA612.7
080 ## - UNIVERSAL DECIMAL CLASSIFICATION NUMBER
Universal Decimal Classification number 515.1 -76
082 00 - DEWEY DECIMAL CLASSIFICATION NUMBER
Classification number 514/.24
100 1# - MAIN ENTRY--PERSONAL NAME
Personal name Gray, Brayton.
9 (RLIN) 9158
245 10 - TITLE STATEMENT
Title Homotopy theory:
Remainder of title an introduction to algebraic topology.
260 ## - PUBLICATION, DISTRIBUTION, ETC.
Place of publication, distribution, etc. New York,
Name of publisher, distributor, etc. Academic Press,
Date of publication, distribution, etc. 1975.
300 ## - PHYSICAL DESCRIPTION
Extent xiii, 368 p.
Other physical details illus.
Dimensions 23 cm.
490 1# - SERIES STATEMENT
Series statement Pure and applied mathematics, 64
504 ## - BIBLIOGRAPHY, ETC. NOTE
Bibliography, etc. note Bibliography: p. 360-362.
650 #0 - SUBJECT ADDED ENTRY--TOPICAL TERM
Topical term or geographic name entry element Homotopy theory.
9 (RLIN) 9159
653 ## - INDEX TERM--UNCONTROLLED
keyword ჰომოტოპიის თეორია
653 ## - INDEX TERM--UNCONTROLLED
keyword მათემატიკა
653 ## - INDEX TERM--UNCONTROLLED
keyword ალგებრული ტოპოლოგიის შესავალი
830 #0 - SERIES ADDED ENTRY--UNIFORM TITLE
Uniform title Pure and applied mathematics (Academic Press) ;
Volume/sequential designation 64.
9 (RLIN) 9160
906 ## - LOCAL DATA ELEMENT F, LDF (RLIN)
a 7
b cbc
c orignew
d 1
e ocip
f 19
g y-gencatlg
942 ## - ADDED ENTRY ELEMENTS (KOHA)
Source of classification or shelving scheme
Koha item type წიგნი
ეგზემპლარები
Withdrawn status Lost status Source of classification or shelving scheme Damaged status Not for loan Permanent Location Current Location Shelving location Date acquired Cost, normal purchase price Full call number Barcode Date last seen Copy number Price effective from Koha item type Public note
          ბათუმის შოთა რუსთაველის სახელმწიფო უნივერსიტეტის მთავარი ბიბლიოთეკა ბათუმის შოთა რუსთაველის სახელმწიფო უნივერსიტეტის მთავარი ბიბლიოთეკა წიგნსაცავი 2020-08-10 737.00 515.1 -76 60793 2020-08-10 60393 2020-08-10 წიგნი 737 ლ.